| 000 | 00935nam a2200277Ia 4500 | ||
|---|---|---|---|
| 003 | OSt | ||
| 005 | 20220925173914.0 | ||
| 006 | a|||||r|||| 00| 0 | ||
| 007 | ta | ||
| 008 | 220923b |||||||| |||| 00| 0 eng d | ||
| 020 |
_a9781409418993 _c3281.01 |
||
| 037 |
_b2270, 07/02/2020, Dhanraj Book House _cGeneral Book |
||
| 040 |
_aRTL _cRTL _beng |
||
| 041 |
_2eng _aeng |
||
| 082 | _aY15b4, Q1 | ||
| 100 |
_aLUTZ Helma _9245296 |
||
| 245 | 0 |
_aFraming intersactionality _b Debates on a multi-faceted concept in gender studies. |
|
| 260 |
_aBurlington _bAshgate _c2011 |
||
| 300 |
_axii,241p. _ccm. |
||
| 500 | _aBibliography: 262-267p | ||
| 650 | _aSociology | ||
| 700 |
_a SUPIK Linda _9245297 |
||
| 700 |
_a VIVAR Maria Teresa Herrera _9245298 |
||
| 942 |
_hY15b4, Q1 _cGB _2CC |
||
| 999 |
_c489346 _d489346 |
||